<?xml version="1.0" encoding="UTF-8"?>
<record
    xmlns:xsi="http://www.w3.org/2001/XMLSchema-instance"
    xsi:schemaLocation="http://www.loc.gov/MARC21/slim http://www.loc.gov/standards/marcxml/schema/MARC21slim.xsd"
    xmlns="http://www.loc.gov/MARC21/slim">

  <leader>01971nam a22002777a 4500</leader>
  <controlfield tag="001">1293</controlfield>
  <controlfield tag="005">20250530110023.0</controlfield>
  <datafield tag="020" ind1=" " ind2=" ">
    <subfield code="a">9789996305801</subfield>
  </datafield>
  <datafield tag="040" ind1=" " ind2=" ">
    <subfield code="a">FISKH </subfield>
    <subfield code="b">eng</subfield>
    <subfield code="c">FISKH </subfield>
    <subfield code="d">FISKH </subfield>
  </datafield>
  <datafield tag="082" ind1=" " ind2=" ">
    <subfield code="a">398.20954</subfield>
  </datafield>
  <datafield tag="100" ind1=" " ind2=" ">
    <subfield code="a">Ahtma, Broson</subfield>
    <subfield code="d">1954 </subfield>
  </datafield>
  <datafield tag="245" ind1=" " ind2=" ">
    <subfield code="a">&#x1780;&#x1798;&#x17D2;&#x179A;&#x1784;&#x179A;&#x17BF;&#x1784; &#x1794;&#x1789;&#x17D2;&#x1785;&#x178F;&#x1793;&#x17D2;&#x179A;&#x17D2;&#x178F; / </subfield>
    <subfield code="b">&#x179B;&#x17D2;&#x1794;&#x17BE;&#x1780;&#x17A5;&#x178E;&#x17D2;&#x178C;&#x17B6; : </subfield>
    <subfield code="c">&#x1794;&#x1780;&#x1794;&#x17D2;&#x179A;&#x17C2;&#x1796;&#x17B8;&#x179F;&#x17C6;&#x179F;&#x17D2;&#x179A;&#x17D2;&#x1780;&#x17B9;&#x178F;&#x178A;&#x17C4;&#x1799; &#x1794;&#x17D2;&#x179A;&#x179F;&#x1793;&#x17D2;&#x1793;-&#x17A2;&#x17B6;&#x178F;&#x17D2;&#x1798;&#x17B6; ; &#x1782;&#x17BC;&#x179A;&#x179A;&#x17BC;&#x1794;&#x178A;&#x17C4;&#x1799; &#x17A2;&#x17CA;&#x17B8;&#x1798; &#x1796;&#x17B7;&#x179F;&#x17B8; </subfield>
  </datafield>
  <datafield tag="250" ind1=" " ind2=" ">
    <subfield code="a">&#x1794;&#x17C4;&#x17C7;&#x1796;&#x17BB;&#x1798;&#x17D2;&#x1796;&#x179B;&#x17BE;&#x1780;&#x1791;&#x17B8; &#x17E4; &#x1798;&#x17C1;&#x179F;&#x17B6; &#x17E2;&#x17E0;&#x17E2;&#x17E2; </subfield>
  </datafield>
  <datafield tag="260" ind1=" " ind2=" ">
    <subfield code="a">Phnom Penh : </subfield>
    <subfield code="b">Sipar, </subfield>
    <subfield code="c">2022. </subfield>
  </datafield>
  <datafield tag="300" ind1=" " ind2=" ">
    <subfield code="a">39 pages : </subfield>
    <subfield code="b">color illustrations ; </subfield>
    <subfield code="c">20 cm </subfield>
  </datafield>
  <datafield tag="490" ind1=" " ind2=" ">
    <subfield code="a">&#x1781;&#x17D2;&#x1789;&#x17BB;&#x17C6;&#x17A2;&#x17B6;&#x1793;&#x1794;&#x17B6;&#x1793; </subfield>
  </datafield>
  <datafield tag="505" ind1=" " ind2=" ">
    <subfield code="a">Y 
</subfield>
  </datafield>
  <datafield tag="520" ind1=" " ind2=" ">
    <subfield code="a">&#x1794;&#x1789;&#x17D2;&#x1785;&#x178F;&#x1793;&#x17D2;&#x179A;&#x17D2;&#x178F; &#x1782;&#x17BA;&#x1787;&#x17B6;&#x1780;&#x1798;&#x17D2;&#x179A;&#x1784;&#x179A;&#x17BF;&#x1784;&#x1796;&#x17D2;&#x179A;&#x17C1;&#x1784; &#x1793;&#x17B7;&#x1784;&#x179B;&#x17D2;&#x1794;&#x17BE;&#x1780;&#x1780;&#x1790;&#x17B6;&#x17A2;&#x1794;&#x17CB;&#x179A;&#x17C6; &#x178A;&#x17C2;&#x179B;&#x179A;&#x17C6;&#x179B;&#x17C1;&#x1785;&#x178A;&#x17C4;&#x1799; &#x179A;&#x17BC;&#x1794;&#x1797;&#x17B6;&#x1796;&#x17D4; &#x1780;&#x17D2;&#x1793;&#x17BB;&#x1784;&#x179F;&#x17C0;&#x179C;&#x1797;&#x17C5;&#x1793;&#x17C1;&#x17C7; &#x1799;&#x17BE;&#x1784;&#x178A;&#x1780;&#x179F;&#x17D2;&#x179A;&#x1784;&#x17CB;&#x1799;&#x1780;&#x178F;&#x17C2;&#x179A;&#x17BF;&#x1784;&#x179B;&#x17D2;&#x17A2;&#x17D7; &#x178A;&#x17C2;&#x179B;&#x1795;&#x17D2;&#x178A;&#x179B;&#x17CB;&#x179F;&#x17B6;&#x179A;&#x17A2;&#x1794;&#x17CB;&#x179A;&#x17C6;&#x178A;&#x179B;&#x17CB;&#x17A2;&#x17D2;&#x1793;&#x1780;&#x17A2;&#x17B6;&#x1793; &#x178F;&#x17B6;&#x1798;&#x179A;&#x1799;&#x17C7;&#x1794;&#x17D2;&#x179A;&#x1792;&#x17B6;&#x1793;&#x1794;&#x1791;&#x1781;&#x17BB;&#x179F;&#x17D7;&#x1782;&#x17D2;&#x1793;&#x17B6; &#x178A;&#x17BC;&#x1785;&#x1787;&#x17B6; &#x1780;&#x17B6;&#x179A;&#x1785;&#x17C1;&#x17C7;&#x1796;&#x17B7;&#x1785;&#x17B6;&#x179A;&#x178E;&#x17B6; &#x1780;&#x17B6;&#x179A;&#x1794;&#x17D2;&#x179A;&#x17BB;&#x1784;&#x1794;&#x17D2;&#x179A;&#x1799;&#x17D0;&#x178F;&#x17D2;&#x1793; &#x1780;&#x17B6;&#x179A;&#x179F;&#x17D2;&#x1782;&#x17B6;&#x179B;&#x17CB;&#x1782;&#x17BB;&#x178E; &#x1793;&#x17B7;&#x1784;&#x1791;&#x17C4;&#x179F;&#x17D4;&#x179F;&#x17D4;&#x200B;&#x200B;</subfield>
  </datafield>
  <datafield tag="520" ind1=" " ind2=" ">
    <subfield code="a">The book is a series of legends and educational stories highlighted by pictures. In this book, the author quotes only good stories that provide an educational message to the reader through different topics such as consideration, caution, gratitude and punishment.</subfield>
  </datafield>
  <datafield tag="521" ind1=" " ind2=" ">
    <subfield code="a">890 
</subfield>
    <subfield code="b">Lexile estimate 
</subfield>
  </datafield>
  <datafield tag="521" ind1=" " ind2=" ">
    <subfield code="a">Y 
</subfield>
    <subfield code="b">Raz-Plus 
</subfield>
  </datafield>
  <datafield tag="650" ind1=" " ind2=" ">
    <subfield code="a">&#x179F;&#x178F;&#x17D2;&#x179C; </subfield>
    <subfield code="v">&#x1791;&#x17C6;&#x1793;&#x17C0;&#x1798;&#x1791;&#x1798;&#x17D2;&#x179B;&#x17B6;&#x1794;&#x17CB; </subfield>
    <subfield code="x">&#x179A;&#x17BF;&#x1784;&#x1796;&#x17D2;&#x179A;&#x17C1;&#x1784; </subfield>
  </datafield>
  <datafield tag="650" ind1=" " ind2=" ">
    <subfield code="a">Animals </subfield>
    <subfield code="v">Folklore </subfield>
    <subfield code="x">fairytale </subfield>
  </datafield>
  <datafield tag="700" ind1=" " ind2=" ">
    <subfield code="a">Pisey, Im </subfield>
    <subfield code="c">illustrator </subfield>
  </datafield>
  <datafield tag="942" ind1=" " ind2=" ">
    <subfield code="2">ddc</subfield>
    <subfield code="c">BK</subfield>
    <subfield code="n">0</subfield>
  </datafield>
  <datafield tag="999" ind1=" " ind2=" ">
    <subfield code="c">1293</subfield>
    <subfield code="d">1293</subfield>
  </datafield>
  <datafield tag="952" ind1=" " ind2=" ">
    <subfield code="0">0</subfield>
    <subfield code="1">0</subfield>
    <subfield code="2">ddc</subfield>
    <subfield code="4">0</subfield>
    <subfield code="7">0</subfield>
    <subfield code="8">KH</subfield>
    <subfield code="a">001</subfield>
    <subfield code="b">001</subfield>
    <subfield code="c">TTP Khmer</subfield>
    <subfield code="d">2023-08-11</subfield>
    <subfield code="l">1</subfield>
    <subfield code="o">AHT 398.20954</subfield>
    <subfield code="p">2023-0241</subfield>
    <subfield code="q">2025-11-27</subfield>
    <subfield code="r">2025-11-13 15:03:05</subfield>
    <subfield code="s">2025-11-13</subfield>
    <subfield code="t">1</subfield>
    <subfield code="w">2023-08-11</subfield>
    <subfield code="y">BK</subfield>
  </datafield>
  <datafield tag="952" ind1=" " ind2=" ">
    <subfield code="0">0</subfield>
    <subfield code="1">0</subfield>
    <subfield code="2">ddc</subfield>
    <subfield code="4">0</subfield>
    <subfield code="7">0</subfield>
    <subfield code="8">KH</subfield>
    <subfield code="a">001</subfield>
    <subfield code="b">001</subfield>
    <subfield code="c">KHRS</subfield>
    <subfield code="d">2023-08-11</subfield>
    <subfield code="l">0</subfield>
    <subfield code="o">AHT 398.20954</subfield>
    <subfield code="p">2023-0242</subfield>
    <subfield code="r">2023-08-11 11:46:08</subfield>
    <subfield code="t">2</subfield>
    <subfield code="w">2023-08-11</subfield>
    <subfield code="y">BK</subfield>
  </datafield>
  <datafield tag="952" ind1=" " ind2=" ">
    <subfield code="0">0</subfield>
    <subfield code="1">0</subfield>
    <subfield code="2">ddc</subfield>
    <subfield code="4">0</subfield>
    <subfield code="7">0</subfield>
    <subfield code="8">KH</subfield>
    <subfield code="a">001</subfield>
    <subfield code="b">001</subfield>
    <subfield code="c">KHRS</subfield>
    <subfield code="d">2023-08-11</subfield>
    <subfield code="l">1</subfield>
    <subfield code="o">AHT 398.20954</subfield>
    <subfield code="p">FISTK05239</subfield>
    <subfield code="r">2026-02-02 09:33:02</subfield>
    <subfield code="s">2026-01-05</subfield>
    <subfield code="t">3</subfield>
    <subfield code="w">2023-08-11</subfield>
    <subfield code="y">BK</subfield>
  </datafield>
  <datafield tag="952" ind1=" " ind2=" ">
    <subfield code="0">0</subfield>
    <subfield code="1">0</subfield>
    <subfield code="2">ddc</subfield>
    <subfield code="4">0</subfield>
    <subfield code="7">0</subfield>
    <subfield code="8">KH</subfield>
    <subfield code="a">002</subfield>
    <subfield code="b">002</subfield>
    <subfield code="c">TTP Khmer</subfield>
    <subfield code="d">2024-03-26</subfield>
    <subfield code="l">1</subfield>
    <subfield code="o">AHT 398.20954</subfield>
    <subfield code="p">FISTK05104</subfield>
    <subfield code="q">2026-04-15</subfield>
    <subfield code="r">2026-04-01 08:02:41</subfield>
    <subfield code="s">2026-04-01</subfield>
    <subfield code="t">4</subfield>
    <subfield code="w">2024-03-26</subfield>
    <subfield code="y">BK</subfield>
  </datafield>
  <datafield tag="952" ind1=" " ind2=" ">
    <subfield code="0">0</subfield>
    <subfield code="1">0</subfield>
    <subfield code="2">ddc</subfield>
    <subfield code="4">0</subfield>
    <subfield code="7">0</subfield>
    <subfield code="8">KH</subfield>
    <subfield code="a">002</subfield>
    <subfield code="b">001</subfield>
    <subfield code="c">SKB</subfield>
    <subfield code="d">2024-03-26</subfield>
    <subfield code="l">1</subfield>
    <subfield code="o">AHT 398.20954</subfield>
    <subfield code="p">FIS05167</subfield>
    <subfield code="r">2025-03-11 16:30:41</subfield>
    <subfield code="s">2025-03-11</subfield>
    <subfield code="t">5</subfield>
    <subfield code="w">2024-03-26</subfield>
    <subfield code="y">BK</subfield>
  </datafield>
  <datafield tag="952" ind1=" " ind2=" ">
    <subfield code="0">0</subfield>
    <subfield code="1">0</subfield>
    <subfield code="2">ddc</subfield>
    <subfield code="4">0</subfield>
    <subfield code="7">0</subfield>
    <subfield code="8">KH</subfield>
    <subfield code="a">002</subfield>
    <subfield code="b">002</subfield>
    <subfield code="c">SKB</subfield>
    <subfield code="d">2025-04-01</subfield>
    <subfield code="l">0</subfield>
    <subfield code="o">AHT 398.20954</subfield>
    <subfield code="p">FIS02435</subfield>
    <subfield code="r">2025-04-01 09:36:36</subfield>
    <subfield code="t">6</subfield>
    <subfield code="w">2025-04-01</subfield>
    <subfield code="y">BK</subfield>
  </datafield>
  <datafield tag="952" ind1=" " ind2=" ">
    <subfield code="0">0</subfield>
    <subfield code="1">0</subfield>
    <subfield code="2">ddc</subfield>
    <subfield code="4">0</subfield>
    <subfield code="7">0</subfield>
    <subfield code="8">KH</subfield>
    <subfield code="a">002</subfield>
    <subfield code="b">002</subfield>
    <subfield code="c">TTP Khmer</subfield>
    <subfield code="d">2025-04-01</subfield>
    <subfield code="l">0</subfield>
    <subfield code="o">AHT 398.20954</subfield>
    <subfield code="p">FISSE01558</subfield>
    <subfield code="r">2025-04-01 09:37:29</subfield>
    <subfield code="t">7</subfield>
    <subfield code="w">2025-04-01</subfield>
    <subfield code="y">BK</subfield>
  </datafield>
  <datafield tag="952" ind1=" " ind2=" ">
    <subfield code="0">0</subfield>
    <subfield code="1">0</subfield>
    <subfield code="2">ddc</subfield>
    <subfield code="4">0</subfield>
    <subfield code="7">0</subfield>
    <subfield code="8">KH</subfield>
    <subfield code="a">002</subfield>
    <subfield code="b">002</subfield>
    <subfield code="c">TTP Khmer</subfield>
    <subfield code="d">2025-04-01</subfield>
    <subfield code="l">0</subfield>
    <subfield code="o">AHT 398.20954</subfield>
    <subfield code="p">FIS02436</subfield>
    <subfield code="r">2025-04-01 09:38:01</subfield>
    <subfield code="t">8</subfield>
    <subfield code="w">2025-04-01</subfield>
    <subfield code="y">BK</subfield>
  </datafield>
</record>
